Bohemia docta : Cum Approbatione Caesareo-Regiae Censurae. Pars I. /

Hlavní autor: Balbín, Bohuslav, 1621-1688
Další autoři: Wethy, Tecelinus, cisterciák ze Žďáru n.S., nar. 1732, Scheppl, Hermannus, cisterciák z Plas, 18. stol., Ungar, Karel Rafael, 1744-1807, Horatius, Quintus Flaccus, 65 př. Kr.-8 př. Kr.
Jazyk: Latina
Vydáno: Pragae : Literis Caes. Reg. ad S. Clementem, per Ioan. Adamum Hagen, Prosat apud Editorem et in Typographia ad S. Clementem, 1776
Témata:
Externí odkaz: Digitalizovaný dokument
Fyzický popis: [12], 148 s. ; 8°
Knihy
Uloženo v:
LEADER 03002nam a2200445 a 4500
001 mzk03000533833
003 CZ BrMZK
005 20160426175300.0
007 ta
008 000105s1776 xr fr|||||00| ||latod
040 |a BOA001  |b cze 
072 7 |a 094  |x Staré tisky  |2 Konspekt  |9 12 
080 |a (0.068)094  |2 MRF 
100 1 |a Balbín, Bohuslav,  |d 1621-1688  |7 jk01010633  |4 aut 
245 1 0 |a Bohemia docta :  |b Cum Approbatione Caesareo-Regiae Censurae.  |n Pars I. /  |c Bohuslai Balbini E. S. I. ; Opus posthvmvm editvm, notisqve illustratvm ab Raphaele Vngar, Canonico Praemonstratensi Montis Sion, et nvmophylacii directore, in Vnivers. Pragensi pro svprema Theol. Lavrea Candidato, Eivsdemqve in Stvdio Gen. Professore Ord. 
260 |a Pragae :  |b Literis Caes. Reg. ad S. Clementem, per Ioan. Adamum Hagen, Prosat apud Editorem et in Typographia ad S. Clementem,  |c 1776 
300 |a [12], 148 s. ;  |c 8° 
500 |a Výzdoba: Nad impresem mědirytina, vlysy, viněty, klišé 
505 0 |a Positiones ex Vniversa Theologia qvas ex praelectionibvs ordinariis Tecelini Wethy Sacri ac exemti ordinis cisterciensis in monasterio B. V. M. de Fonte Zara professi, eivsdemqve sacri ordinis Doctoris Theologi, et in Stvdio generali SS. Theologiae Professoris Ordinarii et Raphaelis Vngar Sacri ac exemti Ordinis praemonstratensis Regiae Ecclesiae B. V. M. in Monte Sion Canonici, in Vniversitate Pragensi pro svprema Theologiae Lavrea Candidati, eivsdemqve in Stvdio Generali Professoris Ordinarii. Defendet absqve praeside in Ecclesia canonicorvm praemonstratensivm Vetero-Pragae ad S. Norbertvm reverendvs pater Hermannvs Scheppl. Sacri, ac exemti ordinis cisterciensis regii monasterii B. V. M. de Plass Professvs. -- [8] l. 
561 |a Provenience: [mědirytinové erbovní exlibris] Friedrich Graf Sylva Tarouca 
561 |a Provenience: [razítko] Franz. Museum d.k.k.m.s. Ackerbaugesellschaft 
561 |a Provenience: [razítko] IŠt 
563 |a Polokožená vazba se zlaceným hřbetem 
510 4 |a Knihopis,  |c K00939  |u https://aleph.nkp.cz/F/?func=direct&doc_number=000009525&local_base=KPS 
655 7 |a staré tisky  |7 fd422076  |2 czenas 
700 1 |a Wethy, Tecelinus,  |c cisterciák ze Žďáru n.S.,  |d nar. 1732  |4 oth 
700 1 |a Scheppl, Hermannus,  |c cisterciák z Plas,  |d 18. stol.  |4 aui 
700 1 |a Ungar, Karel Rafael,  |d 1744-1807  |7 jk01140756  |4 aut 
700 1 |a Horatius, Quintus Flaccus,  |d 65 př. Kr.-8 př. Kr.  |7 jn20000603003  |4 oth 
856 4 2 |u https://books.google.cz/books?vid=NKP:1002292498&printsec=frontcover  |y Digitalizovaný dokument  |c exemplář Národní knihovny ČR, sign. 45 D 000072/P.1 
903 |a RP 
910 |a BOA001  |b ST1-0031.282,1 
978 |b Hagen, Jan Adam  |a Praha  |c 1776 
978 |b Tiskárna normální školy  |a Praha  |c 1776 
984 |a Praha  |b Česko 
985 |a 1751-1800 
990 |a BK 
993 |a Y 
991 |k mzk 
996 6 |b 2619737064  |c ST1-0031.282,1  |l stud. ST  |r Sklad / do násl. otevíracího dne  |n 0  |w 000533833  |u 000010  |a 1  |e BOA001  |s P